Tobias e o leão (Registo nº 3870)

Detalhes MARC
000 -Etiqueta do registo
Cabeçalho 00641nam0a2200241 4500
005 - Identificador da versão
Campo de controlo 20240813122046.0
095 ## -
-- PTBN00249155
021 ## - Número do Depósito Legal
Código do país PT
Número 33836/90
100 ## - Dados gerais de processamento
Dados gerais de processamento 20170511d1990 c y0pory5003 ba
102 ## - Pais de publicação ou produção
País de publicação Portugal
101 0# - Língua de publicação
Língua do texto, banda sonora, etc. Português
215 ## - Descrição física 
Indicação específica da natureza do documento e extensão da espécie [36] p.
Outras indicações físicas muito il. color
200 1# - Titulo e menção de responsabilidade
Título próprio Tobias e o leão
Primeira menção de responsabilidade Manuela Bacelar
225 1# - Colecção 
Título próprio da colecção Tobias
Indicação de volume 4
210 ## - Publicação, Distribuição, etc. 
Lugar da edição, distribuição, etc. Porto
Nome do editor, distribuidor, etc. Porto ed.
Data da publicação, distribuição, etc. 1990
606 ## - Nome comum usado como assunto
Número de registo de entrada de autoridade 0001335
Palavra de ordem Literatura portuguesa
Subdivisão de assunto Conto
Código do sistema CA
675 ## - Classificação Decimal Universal (CDU)
Notação 821.134.3-34
Edição 3ª ed.
Língua da edição por
700 #1 - Nome de autor-pessoa física (responsabilidade principal)
Número de registo de entrada de autoridade 0000045
Palavra de ordem Bacelar
Outra parte do nome não tomada para palavra de ordem Manuela
Datas 1943-
966 ## - Identificação da Biblioteca
Sigla EBVEN
942 ## - Elementos de entrada adicionados (Koha)
Tipo de item no Koha Livro
Exemplares
Situação do levantamento Origin of item (home branch) (coded) Biblioteca de empréstimo Código de barras Cota Circulation type (not for loan) Tipo de documento Nota do exemplar Damaged status
  Biblioteca Escolar das Vendas Biblioteca Escolar das Vendas BEV223 8POR BAC   Livro Sem mensagem